[Event "VIE-ch U09"]
[Site "Ho Chi Minh City"]
[Date "2014.07.13"]
[Round "1"]
[White "Le, Tri Kien"]
[Black "Duong, Minh Xuan"]
[Result "1-0"]
[WhiteElo "1495"]
[BlackElo "1444"]
[PlyCount "55"]
[EventDate "2014.07.13"]
[EventType "swiss"]
[EventRounds "9"]
[EventCountry "VIE"]
[SourceTitle "EXT 2016"]
[Source "ChessBase"]
[SourceDate "2015.10.08"]
[SourceVersion "1"]
[SourceVersionDate "2015.10.08"]
[SourceQuality "1"]

1. d4 d5 2. Nf3 Nc6 3. c4 e6 4. Nc3 Nf6 5. e3 Bb4 6. Bd3 0-0 7. 0-0 Bxc3 8. bxc3 Ne4 9. Ba3 Re8 10. Qc2 Nf6 11. Rab1 b6 12. cxd5 exd5 13. Bb5 Bb7 14. Qa4 Re6 15. Ng5 Rd6 16. Bxd6 Qxd6 17. Nf3 Ne4 18. Qc2 a6 19. Bd3 Nf6 20. h3 g6 21. Nd2 Re8 22. e4 Nd8 23. e5 Qc6 24. exf6 Qxf6 25. Rfe1 Rf8 26. Nf3 Ne6 27. Ne5 Bc8 28. Ng4 1-0